Online Catalogue and eLibrary

Studies on the Press in Sri Lanka (Record no. 1333)

MARC details
000 -LEADER
fixed length control field 00490nam a2200181Ia 4500
005 - DATE AND TIME OF LATEST TRANSACTION
control field 20250320032112.0
008 - FIXED-LENGTH DATA ELEMENTS--GENERAL INFORMATION
fixed length control field 240331s9999 xx 000 0 und d
020 ## - INTERNATIONAL STANDARD BOOK NUMBER
ISBN 955580026X
082 ## - DDC Classification
Item Number - Author Mark PRE
DDC Edition Number 5587
Class No. 302.2
245 #4 - TITLE STATEMENT
Title Studies on the Press in Sri Lanka
Remainder of title and South Asia
260 ## - PUBLICATION, DISTRIBUTION, ETC.
Place of publication, distribution, etc. Kandy,
Name of publisher, distributor, etc. The International Centre for Ethnic Studies
Date of publication, distribution, etc. 1997
300 ## - PHYSICAL DESCRIPTION
Extent (e.g. Volumes, Pages etc.) iv, 312 p.,
650 ## - SUBJECT ADDED ENTRY--TOPICAL TERM
Topical term or geographic name entry element Media
650 ## - SUBJECT ADDED ENTRY--TOPICAL TERM
Topical term or geographic name entry element Democracy
650 ## - SUBJECT ADDED ENTRY--TOPICAL TERM
Topical term or geographic name entry element Journalism
700 ## - ADDED ENTRY--PERSONAL NAME
Personal name Peiris, G. H
Relator term (Role) Editor
942 ## - Koha item type (Biblio)
Koha item type Books in Stacks (Lending)
Holdings
Lost status Damaged status Collection code Home library Current library Shelving location Date acquired Full call number Accession Number Item type
    Lending WERC Library WERC Library Social Science Cupboard 03/31/2024 302.2 PRE 5587 Books in Stacks (Lending)

© WERC Library